Investigating the social world: the process and practice of research/

En esta edición del libro, el autor continúa haciendo que la investigación cobre vida a través de historias que ilustran los métodos presentados en cada capítulo y ejercicios prácticos que ayudan a los estudiantes aprender haciendo. Este libro ayuda a los lectores a entender métodos de investigación...

Descrizione completa

Salvato in:
Dettagli Bibliografici
Autore principale: Schutt, Russell K.
Natura: Libro
Lingua:English
Pubblicazione: California: Pine Force Press, 2009
Edizione:6° edición
Soggetti:
Tags: Aggiungi Tag
Nessun Tag, puoi essere il primo ad aggiungerne!!

MARC

LEADER 00000nam a22000007a 4500
003 cru CIDCACS/IIS
005 20181119082229.0
007 ta
008 180307t2009 cau|||||r|||||||| ||eng|d
999 |c 41120  |d 41120 
020 |a 9781412964406 
040 |c cru CIDCACS/IIS 
090 |a 05.01.02 R964i 
100 1 |9 6765  |a Schutt, Russell K. 
245 1 |a Investigating the social world:  |b the process and practice of research/  |c Russell K. Schutt 
250 |a 6° edición 
260 |a California:  |b Pine Force Press,  |c 2009 
300 |a 564; E-4; BIB-27; CR-4; index 39, páginas:  |b tablas, gráficos, fotos 
500 |a Donado por Joanna Dreby 
520 |a En esta edición del libro, el autor continúa haciendo que la investigación cobre vida a través de historias que ilustran los métodos presentados en cada capítulo y ejercicios prácticos que ayudan a los estudiantes aprender haciendo. Este libro ayuda a los lectores a entender métodos de investigación como un todo integrado, apreciar el valor de ambas metodologías, tanto cualitativas como cuantitativas. Así como entender la necesidad de tomar decisiones investigativas éticas, mientras también aprende sobre hechos sociales contemporáneos como la falta de vivienda, abuso de drogas, y el efecto del Internet en las relaciones sociales.  
650 4 |9 1930  |a INVESTIGACION 
650 0 |9 876  |a ESCASEZ DE VIVIENDA 
650 0 |9 2524  |a METODOS DE INVESTIGACION 
650 0 |9 976  |a INTERNET 
650 0 |9 956  |a DROGAS DE USO INDEBIDO 
650 0 |9 194  |a ETICA 
650 0 |9 2801  |a RELACIONES HUMANAS 
650 4 |9 3211  |a METODOLOGIA 
942 |2 ddc  |c LI